[Event "DEM U10/U10w 2000"]
[Site "Überlingen GER"]
[Date "2000.06.05"]
[Round "3"]
[White "Scheerer, Kim"]
[Black "Dinger, Florian"]
[Result "1/2-1/2"]
[Termination "normal"]
[Board "9"]
[WhiteElo "879"]
[BlackElo "1135"]
[PlyCount "76"]
[BlackFideId "24605573"]
[EventCountry "GER"]
[EventRounds "11"]
[EventType "swiss"]
[EventDate "2000.06.03"]

1. e4 e5 2. Nf3 Nc6 3. Bc4 Nf6 4. d3 Bc5 5. Nc3 d6 6. h3 h6 7. O-O O-O 8. Bd2
a6 9. Nd5 Be6 10. Nxf6+ Qxf6 11. Bxe6 Qxe6 12. Re1 Rfe8 13. Be3 b6 14. c3 Bxe3
15. Rxe3 Nd8 16. d4 c5 17. d5 Qd7 18. c4 b5 19. cxb5 axb5 20. a3 Nb7 21. b4
cxb4 22. axb4 Rxa1 23. Qxa1 Rc8 24. Rc3 Rxc3 25. Qxc3 Nd8 26. Qc2 g6 27. Kf1
Kf8 28. Qc1 g5 29. Kg1 Kg7 30. h4 f6 31. hxg5 hxg5 32. Nh2 Nf7 33. Qc6 Qa7 34.
Qxb5 Qa1+ 35. Qf1 Qxf1+ 36. Kxf1 Kf8 37. Ke2 Ke7 38. Kd3 Nd8 1/2-1/2

[Event "DEM U10/U10w 2000"]
[Site "Überlingen GER"]
[Date "2000.06.05"]
[Round "3"]
[White "Zikeli, Saskia"]
[Black "Aghadjanian, Annie"]
[Result "1-0"]
[Termination "normal"]
[Board "10"]
[WhiteElo "1135"]
[BlackElo "843"]
[PlyCount "131"]
[WhiteFideId "24601543"]
[EventCountry "GER"]
[EventRounds "11"]
[EventType "swiss"]
[EventDate "2000.06.03"]

1. e4 e6 2. d4 d5 3. e5 c5 4. c3 Nc6 5. Nf3 b6 6. g3 Bb7 7. Bh3 Nge7 8. O-O Ng6
9. Nbd2 Be7 10. Re1 O-O 11. Nf1 Bc8 12. Bd2 f6 13. exf6 Bxf6 14. Bxe6+ Bxe6 15.
Rxe6 Qd7 16. Re1 cxd4 17. cxd4 Nxd4 18. Nxd4 Bxd4 19. Ne3 Bxb2 20. Rb1 Bd4 21.
Bb4 Bxe3 22. Bxf8 Bxf2+ 23. Kxf2 Rxf8+ 24. Kg2 d4 25. Qb3+ Kh8 26. Rbd1 Qg4 27.
Rf1 Nf4+ 28. Kh1 Ng6 29. Rxf8+ Nxf8 30. Rf1 Qe4+ 31. Qf3 Qxf3+ 32. Rxf3 Ne6 33.
Rd3 Kg8 34. Kg2 Kf7 35. Kf3 Ke7 36. Ra3 a5 37. Rb3 Nc5 38. Rxb6 d3 39. Ke3 Kd7
40. Rb5 Kd6 41. Rxa5 Kd5 42. Rxc5+ Kxc5 43. Kxd3 Kb4 44. Kd4 Ka3 45. Ke5 Kxa2
46. Ke6 Kb3 47. Kf7 g5 48. Kg7 h5 49. Kg6 h4 50. Kxg5 hxg3 51. hxg3 Kc4 52. Kf6
Kd5 53. g4 Kd6 54. g5 Kd7 55. Kf7 Kd6 56. g6 Ke5 57. g7 Kf4 58. g8=Q Kf3 59.
Qe8 Kg2 60. Qe3 Kh1 61. Qd2 Kg1 62. Kf6 Kh1 63. Kf5 Kg1 64. Kf4 Kh1 65. Kf3 Kg1
66. Qg2# 1-0

[Event "DEM U10/U10w 2000"]
[Site "Überlingen GER"]
[Date "2000.06.05"]
[Round "3"]
[White "Katte, Nicolas"]
[Black "Erben, Larissa"]
[Result "0-1"]
[Termination "normal"]
[Board "12"]
[WhiteElo "1148"]
[BlackElo "918"]
[PlyCount "120"]
[WhiteFideId "24614149"]
[BlackFideId "24634590"]
[EventCountry "GER"]
[EventRounds "11"]
[EventType "swiss"]
[EventDate "2000.06.03"]

1. e4 e5 2. Nf3 Nc6 3. d4 exd4 4. Nxd4 Nf6 5. Nxc6 bxc6 6. Bg5 Be7 7. Bxf6 Bxf6
8. c3 O-O 9. Bd3 Re8 10. Nd2 d5 11. O-O dxe4 12. Nxe4 Rb8 13. Rb1 Be6 14. b3
Qe7 15. Qh5 h6 16. Qc5 Qxc5 17. Nxc5 Bxc3 18. Rfc1 Bd2 19. Rc2 Bb4 20. Na6 Rb7
21. Rxc6 Bd6 22. Bc4 Bxc4 23. Rxc4 Re7 24. Nc5 Rb5 25. Ne4 Rbe5 26. Re1 f5 27.
f3 fxe4 28. fxe4 Bc5+ 29. Kf1 Rf7+ 30. Ke2 Rf2+ 31. Kd3 Rxg2 32. Ra4 Rxh2 33.
Ra5 Rhh5 34. a3 Bf2 35. Rxe5 Rxe5 36. Rc1 Re7 37. Ke2 Rf7 38. Rd1 Bc5 39. b4
Be7 40. Rd7 g5 41. Rxc7 g4 42. Rc3 Bh4 43. e5 g3 44. Rc1 g2 45. Rg1 Rf2+ 46.
Ke3 Kf7 47. Ke4 Bg3 48. Kd4 Bh2 49. Rc1 g1=Q 50. Rxg1 Bxg1 51. Kd5 h5 52. Kd6
Ke8 53. a4 h4 54. b5 Ra2 55. a5 h3 56. b6 axb6 57. axb6 Bxb6 58. Kc6 h2 59.
Kxb6 h1=Q 60. e6 Qc1 0-1

[Event "DEM U10/U10w 2000"]
[Site "Überlingen GER"]
[Date "2000.06.05"]
[Round "3"]
[White "Pongratz, Philip"]
[Black "Fink, Leander"]
[Result "0-1"]
[Termination "normal"]
[Board "14"]
[WhiteElo "946"]
[BlackElo "712"]
[PlyCount "58"]
[BlackFideId "24605247"]
[EventCountry "GER"]
[EventRounds "11"]
[EventType "swiss"]
[EventDate "2000.06.03"]

1. e4 c5 2. Nf3 Nc6 3. d4 cxd4 4. Nxd4 e5 5. Nxc6 bxc6 6. Bc4 Nf6 7. Bg5 Be7 8.
Nd2 d5 9. exd5 cxd5 10. Bb5+ Bd7 11. Qe2 O-O 12. Bxd7 Qxd7 13. Qxe5 Rfe8 14.
O-O Bd6 15. Qd4 Be5 16. Qd3 Bxb2 17. Rab1 Be5 18. Rfe1 Qe6 19. Nf3 Ne4 20. Nxe5
Qxe5 21. Bh4 Qh5 22. Bg3 Qg6 23. Qb5 Rec8 24. Be5 f6 25. Qxd5+ Kh8 26. Rxe4
fxe5 27. Rbe1 h6 28. Rxe5 Qxc2 29. R5e2 Qxe2 0-1

[Event "DEM U10/U10w 2000"]
[Site "Überlingen GER"]
[Date "2000.06.05"]
[Round "3"]
[White "Jussupow, Ekaterina"]
[Black "Schneider, David"]
[Result "0-1"]
[Termination "normal"]
[Board "15"]
[WhiteElo "746"]
[BlackElo "1421"]
[PlyCount "104"]
[WhiteFideId "24625400"]
[BlackFideId "4697111"]
[EventCountry "GER"]
[EventRounds "11"]
[EventType "swiss"]
[EventDate "2000.06.03"]

1. e4 e5 2. Nf3 Nf6 3. d4 exd4 4. e5 Nd5 5. Bc4 Bb4+ 6. Bd2 Bxd2+ 7. Nbxd2 Nb6
8. Bb3 Nc6 9. Nc4 Nxc4 10. Bxc4 d6 11. Nxd4 Nxe5 12. Qe2 O-O 13. O-O-O Re8 14.
Rde1 Bd7 15. Bb3 Nc6 16. Qc4 Qf6 17. Nxc6 Bxc6 18. h4 Qxf2 19. Qc3 Rxe1+ 20.
Rxe1 Re8 21. Rxe8+ Bxe8 22. Qd2 Qf1+ 23. Qd1 Qxd1+ 24. Kxd1 Bd7 25. Kd2 Kf8 26.
a4 Be6 27. Ke3 Bxb3 28. cxb3 Ke7 29. g4 f6 30. Ke4 Ke6 31. Kf4 c5 32. Ke4 g6
33. a5 h6 34. b4 cxb4 35. b3 f5+ 36. gxf5+ gxf5+ 37. Kf4 d5 38. h5 d4 39. Kf3
Ke5 40. Ke2 Ke4 41. Ke1 Ke3 42. Kd1 f4 43. Ke1 b6 44. axb6 axb6 45. Kf1 d3 46.
Ke1 b5 47. Kf1 d2 48. Kg2 d1=Q 49. Kh3 Qxh5+ 50. Kg2 Qg4+ 51. Kh2 Kf3 52. Kh1
Qg2# 0-1

[Event "DEM U10/U10w 2000"]
[Site "Überlingen GER"]
[Date "2000.06.05"]
[Round "3"]
[White "Savchenko, Oleksey"]
[Black "Stöhr, Constantin"]
[Result "1-0"]
[Termination "normal"]
[Board "16"]
[WhiteElo "1329"]
[BlackElo "742"]
[PlyCount "59"]
[WhiteFideId "24611727"]
[EventCountry "GER"]
[EventRounds "11"]
[EventType "swiss"]
[EventDate "2000.06.03"]

1. d4 d5 2. c4 e6 3. Nc3 Nf6 4. Bg5 Be7 5. e3 O-O 6. Nf3 Nc6 7. a3 h6 8. Bf4
Bd6 9. Bxd6 Qxd6 10. Bd3 Re8 11. O-O Na5 12. Qa4 Nc6 13. b4 dxc4 14. Bxc4 Bd7
15. Qb3 Rec8 16. Rad1 Qe7 17. e4 Nb8 18. e5 Nh7 19. Ne4 Bc6 20. d5 exd5 21.
Bxd5 Bxd5 22. Rxd5 Qe6 23. Nc5 Qb6 24. e6 fxe6 25. Nxe6 c6 26. Rd8+ Rxd8 27.
Nxd8+ Kh8 28. Nf7+ Kg8 29. Nxh6+ Kf8 30. Qf7# 1-0

[Event "DEM U10/U10w 2000"]
[Site "Überlingen GER"]
[Date "2000.06.05"]
[Round "3"]
[White "Prosch, Florian"]
[Black "Kleine, Jannik"]
[Result "0-1"]
[Termination "normal"]
[Board "18"]
[WhiteElo "717"]
[BlackElo "1205"]
[PlyCount "30"]
[EventCountry "GER"]
[EventRounds "11"]
[EventType "swiss"]
[EventDate "2000.06.03"]

1. c4 e5 2. Nc3 Nf6 3. g3 d5 4. cxd5 Nxd5 5. Bg2 Be6 6. d3 Bb4 7. Nf3 Nxc3 8.
Qd2 Nxa2 9. Rxa2 Bxd2+ 10. Bxd2 Bxa2 11. Nxe5 Qf6 12. Bxb7 Qxe5 13. Bxa8 Qxb2
14. Bg2 Qb1+ 15. Bc1 Qxc1# 0-1

[Event "DEM U10/U10w 2000"]
[Site "Überlingen GER"]
[Date "2000.06.05"]
[Round "3"]
[White "Fuchs, Judith"]
[Black "Wortmann, Jonas"]
[Result "1/2-1/2"]
[Termination "normal"]
[Board "19"]
[WhiteElo "727"]
[BlackElo "1184"]
[PlyCount "103"]
[WhiteFideId "24605611"]
[BlackFideId "24628069"]
[EventCountry "GER"]
[EventRounds "11"]
[EventType "swiss"]
[EventDate "2000.06.03"]

1. e4 c5 2. Nf3 Nc6 3. d4 cxd4 4. Nxd4 e6 5. Nc3 a6 6. Be3 Qc7 7. Qd2 b5 8.
Nxc6 Qxc6 9. Bd3 Bc5 10. O-O Qb6 11. Rae1 Bb7 12. Kh1 Ne7 13. a3 Qa7 14. b4 Bb6
15. Bxb6 Qxb6 16. f4 O-O 17. Qe3 Qxe3 18. Rxe3 Rac8 19. Ne2 d5 20. e5 Ng6 21.
Nd4 Rc7 22. g3 Ne7 23. Kg1 Nc6 24. Nxc6 Rxc6 25. Rc1 Kh8 26. Re2 Rc3 27. Ra1
Ra8 28. a4 bxa4 29. Rxa4 Rc6 30. b5 axb5 31. Rxa8+ Bxa8 32. Bxb5 Rb6 33. Bd3 h6
34. Re1 Bb7 35. Ra1 Kg8 36. Kf2 Kf8 37. Ke3 Ke7 38. Ra7 Kd8 39. Ra3 Kc7 40.
Rc3+ Bc6 41. Ra3 Kb7 42. Rb3 Rxb3 43. cxb3 Kb6 44. Kd4 Bb5 45. Kc3 Bxd3 46.
Kxd3 Kb5 47. Kc3 Kc5 48. b4+ Kb5 49. g4 d4+ 50. Kxd4 Kxb4 51. Ke3 Kc3 52. h4
1/2-1/2

[Event "DEM U10/U10w 2000"]
[Site "Überlingen GER"]
[Date "2000.06.05"]
[Round "3"]
[White "Stock, Lara"]
[Black "Fischer, Patrick"]
[Result "0-1"]
[Termination "normal"]
[Board "20"]
[WhiteElo "1114"]
[BlackElo "649"]
[PlyCount "79"]
[EventCountry "GER"]
[EventRounds "11"]
[EventType "swiss"]
[EventDate "2000.06.03"]

1. d4 e6 2. Nf3 d5 3. e3 c5 4. c4 Nc6 5. Nc3 cxd4 6. exd4 Bb4 7. Be2 Nf6 8. Bg5
Qd7 9. Bxf6 gxf6 10. O-O Bxc3 11. bxc3 b6 12. Re1 Bb7 13. Qb3 Na5 14. Qb4 Qe7
15. Qxe7+ Kxe7 16. cxd5 Bxd5 17. Rac1 Bxa2 18. c4 Rac8 19. c5 Bd5 20. cxb6 axb6
21. Rb1 Rb8 22. Rb2 Rhd8 23. Reb1 Bxf3 24. Bxf3 Rxd4 25. Rxb6 Rxb6 26. Rxb6 Rc4
27. g3 Rc3 28. Kg2 Rb3 29. Ra6 Nc4 30. Ra7+ Kf8 31. Bh5 Ne5 32. f4 Ng6 33. Kf2
Rb5 34. Bf3 Rb2+ 35. Be2 Kg7 36. h4 Nf8 37. h5 h6 38. Ke3 Rb3+ 39. Bd3 f5 40.
Kd4 0-1

[Event "DEM U10/U10w 2000"]
[Site "Überlingen GER"]
[Date "2000.06.05"]
[Round "3"]
[White "Miclea, Sebastian"]
[Black "Körnlein, Daniel"]
[Result "0-1"]
[Termination "normal"]
[Board "21"]
[WhiteElo "638"]
[BlackElo "1004"]
[PlyCount "36"]
[EventCountry "GER"]
[EventRounds "11"]
[EventType "swiss"]
[EventDate "2000.06.03"]

1. c4 c5 2. Nc3 Nc6 3. Nf3 Nf6 4. d4 cxd4 5. Nxd4 g6 6. Nxc6 bxc6 7. Bg5 Bg7 8.
e4 Qa5 9. Be2 Qxg5 10. O-O d6 11. Bf3 Bg4 12. Bxg4 Qxg4 13. Qa4 Qd7 14. Rad1
Qc7 15. f4 O-O 16. Kh1 Qb6 17. b4 Ng4 18. Rd2 Bxc3 0-1

[Event "DEM U10/U10w 2000"]
[Site "Überlingen GER"]
[Date "2000.06.05"]
[Round "3"]
[White "Lange, Jan-David"]
[Black "Billing, Tanja"]
[Result "1-0"]
[Termination "normal"]
[Board "22"]
[WhiteElo "1000"]
[BlackElo "529"]
[PlyCount "65"]
[WhiteFideId "24614963"]
[BlackFideId "24647993"]
[EventCountry "GER"]
[EventRounds "11"]
[EventType "swiss"]
[EventDate "2000.06.03"]

1. e4 e5 2. Nf3 Nc6 3. Bc4 Nf6 4. Nc3 Bc5 5. O-O O-O 6. d3 d6 7. h3 Re8 8. Ng5
Re7 9. Be3 h6 10. Nf3 Be6 11. Bb3 Bxb3 12. axb3 Bxe3 13. fxe3 Nb4 14. d4 c5 15.
d5 Qb6 16. Na4 Qc7 17. c3 b5 18. cxb4 bxa4 19. Rxa4 Nxe4 20. bxc5 Qxc5 21. Rxe4
f5 22. Rc4 Qxe3+ 23. Kh1 e4 24. Nh4 Rb8 25. Nxf5 Qg5 26. Nxe7+ Qxe7 27. Re1
Rxb3 28. Qxb3 Qh4 29. Rcxe4 Qd8 30. Re8+ Qxe8 31. Rxe8+ Kh7 32. Qd3+ g6 33.
Re7+ 1-0

[Event "DEM U10/U10w 2000"]
[Site "Überlingen GER"]
[Date "2000.06.05"]
[Round "3"]
[White "Armbrüster, Clemens"]
[Black "Beck, Frederik"]
[Result "0-1"]
[Termination "normal"]
[Board "23"]
[WhiteElo "584"]
[BlackElo "969"]
[PlyCount "98"]
[WhiteFideId "12969699"]
[BlackFideId "4687388"]
[EventCountry "GER"]
[EventRounds "11"]
[EventType "swiss"]
[EventDate "2000.06.03"]

1. e4 e5 2. Nf3 Nc6 3. Bc4 Nf6 4. Ng5 Bc5 5. Nxf7 Bxf2+ 6. Kxf2 Nxe4+ 7. Kf1
Qh4 8. Qf3 Nd4 9. Qe3 Nxc2 10. Qe2 Ng3+ 11. hxg3 Qxh1+ 12. Kf2 d6 13. Nxh8 Nxa1
14. Qe1 Qxe1+ 15. Kxe1 Nc2+ 16. Kf2 Nd4 17. Nc3 Be6 18. Bxe6 Nxe6 19. Nd5 c6
20. Ne3 g6 21. Nc4 Rd8 22. Na5 Ke7 23. Nxg6+ hxg6 24. Nxb7 Rb8 25. Na5 Kd7 26.
b3 Nc5 27. Ba3 Ne4+ 28. Ke1 Nxg3 29. Nc4 c5 30. Bb2 Ke6 31. Na5 Kd5 32. Kf2 Nf5
33. g4 Nd4 34. Bxd4 cxd4 35. d3 e4 36. Ke2 e3 37. a3 Rf8 38. Nc4 Rf2+ 39. Ke1
Rg2 40. a4 Rxg4 41. b4 Rf4 42. a5 g5 43. b5 Kc5 44. b6 axb6 45. a6 Rf8 46. a7
Ra8 47. Kf1 Rxa7 48. Kg2 b5 49. Nb2 Ra2 0-1

[Event "DEM U10/U10w 2000"]
[Site "Überlingen GER"]
[Date "2000.06.05"]
[Round "3"]
[White "Laake, Tamara"]
[Black "Hofmann, Christine"]
[Result "0-1"]
[Termination "normal"]
[Board "24"]
[WhiteElo "492"]
[BlackElo "966"]
[PlyCount "46"]
[EventCountry "GER"]
[EventRounds "11"]
[EventType "swiss"]
[EventDate "2000.06.03"]

1. e4 c6 2. d4 d5 3. e5 Bf5 4. Nf3 e6 5. Be2 Nd7 6. Be3 f6 7. O-O fxe5 8. dxe5
Qc7 9. Nc3 Nxe5 10. Bf4 Bd6 11. Nxe5 Bxe5 12. Bxe5 Qxe5 13. Re1 Qd6 14. Qd4 Nf6
15. Rac1 O-O 16. Na4 e5 17. Qc3 Ne4 18. Qb3 Rab8 19. Bd3 Qf6 20. Bxe4 Bxe4 21.
Rxe4 Qxf2+ 22. Kh1 Qf1+ 23. Rxf1 Rxf1# 0-1

[Event "DEM U10/U10w 2000"]
[Site "Überlingen GER"]
[Date "2000.06.05"]
[Round "3"]
[White "Müller, Jonathan"]
[Black "Herkt, Laura"]
[Result "1-0"]
[Termination "normal"]
[Board "25"]
[WhiteElo "487"]
[BlackElo "924"]
[PlyCount "101"]
[EventCountry "GER"]
[EventRounds "11"]
[EventType "swiss"]
[EventDate "2000.06.03"]

1. e4 c5 2. Nf3 d6 3. d4 cxd4 4. Nxd4 Nf6 5. Nc3 e6 6. Be3 g6 7. f3 Bg7 8. Qd2
O-O 9. O-O-O Re8 10. h4 d5 11. e5 Nfd7 12. f4 Nb6 13. g4 a6 14. Qf2 N8d7 15. h5
Nxe5 16. fxe5 Bxe5 17. Bd3 Rf8 18. hxg6 fxg6 19. Nf3 Qf6 20. Bxb6 Bxc3 21. bxc3
Qxc3 22. Bd4 Qa3+ 23. Kb1 Qb4+ 24. Bb2 Qxg4 25. Qd4 Qxd4 26. Nxd4 b5 27. Rh2 e5
28. Rdh1 exd4 29. Bxd4 h5 30. Bxg6 Rf4 31. Be5 Rb4+ 32. Ka1 Bg4 33. Bxh5 Bxh5
34. Rxh5 Re8 35. Rf1 Rxe5 36. Rxe5 Rg4 37. Rxd5 Rg7 38. Rff5 Rf7 39. Rxf7 Kxf7
40. Rd6 a5 41. Kb2 a4 42. Kc3 Ke7 43. Ra6 Kd7 44. Kd4 Kc7 45. Kd5 a3 46. Rd6 b4
47. Kc5 b3 48. cxb3 Kb7 49. Rc6 Kb8 50. Kb6 Ka8 51. Rc8# 1-0

[Event "DEM U10/U10w 2000"]
[Site "Überlingen GER"]
[Date "2000.06.05"]
[Round "3"]
[White "Göllner, Stefanie"]
[Black "Weiß, Katharina"]
[Result "0-1"]
[Termination "normal"]
[Board "26"]
[WhiteElo "374"]
[BlackElo "897"]
[PlyCount "84"]
[BlackFideId "24692859"]
[EventCountry "GER"]
[EventRounds "11"]
[EventType "swiss"]
[EventDate "2000.06.03"]

1. e4 c5 2. Nc3 d6 3. Nf3 Nf6 4. Bb5+ Bd7 5. Bxd7+ Nbxd7 6. d3 g6 7. Bf4 Bg7 8.
Qd2 O-O 9. O-O Qb6 10. b3 Qb4 11. Rab1 Nh5 12. a3 Qxc3 13. Qc1 Nxf4 14. Qxf4
Qxc2 15. Qe3 Qc3 16. Rfc1 Qa5 17. b4 Qxa3 18. bxc5 Nxc5 19. Rd1 b6 20. h3 Na4
21. Rdc1 Bb2 22. Rc7 e6 23. Rd7 Rfd8 24. Re7 d5 25. e5 Qxe7 26. d4 Qa3 27. Qd2
Bc3 28. Qf4 Rdc8 29. Ng5 Rc7 30. Rc1 Bd2 31. Qxd2 Qxc1+ 32. Qxc1 Rxc1+ 33. Kh2
b5 34. Nf3 b4 35. Nd2 Rb8 36. Kg3 b3 37. Nxb3 Rxb3+ 38. Kh2 Rc2 39. f3 Rbb2 40.
Kg3 Rxg2+ 41. Kf4 g5+ 42. Ke3 Rge2+ 0-1

[Event "DEM U10/U10w 2000"]
[Site "Überlingen GER"]
[Date "2000.06.05"]
[Round "3"]
[White "Nekrassowa, Katja"]
[Black "Zahn, Benno"]
[Result "1/2-1/2"]
[Termination "normal"]
[Board "27"]
[WhiteElo "361"]
[BlackElo "883"]
[PlyCount "89"]
[BlackFideId "24636070"]
[EventCountry "GER"]
[EventRounds "11"]
[EventType "swiss"]
[EventDate "2000.06.03"]

1. e4 e5 2. Nf3 Nc6 3. Bc4 Be7 4. Nc3 Nf6 5. d3 d6 6. h3 O-O 7. Bg5 h6 8. Bxf6
Bxf6 9. O-O Bh4 10. Nxh4 Qxh4 11. Qf3 Qg5 12. Qg3 Qd2 13. Bb3 Nd4 14. Rad1 Qe2
15. Nxe2 Nxe2+ 16. Kh2 Nxg3 17. fxg3 Kh8 18. Rxf7 Rxf7 19. Bxf7 Bd7 20. Bg6 Rf8
21. Kg1 Rf6 22. Bh5 g6 23. Bf3 Bxh3 24. Rf1 Be6 25. c4 a6 26. Be2 Rxf1+ 27.
Kxf1 b5 28. cxb5 axb5 29. a3 d5 30. exd5 Bxd5 31. d4 exd4 32. Bxb5 c6 33. Be2
c5 34. a4 g5 35. a5 c4 36. a6 c3 37. bxc3 dxc3 38. Bd3 c2 39. Bxc2 Bc4+ 40. Kf2
Bxa6 41. Kf3 Kg7 42. Be4 Kf6 43. Kg4 Kg7 44. Kf5 Bc8+ 45. Ke5 1/2-1/2

[Event "DEM U10/U10w 2000"]
[Site "Überlingen GER"]
[Date "2000.06.05"]
[Round "3"]
[White "Prum, Alexander"]
[Black "Günther, Christian"]
[Result "1-0"]
[Termination "normal"]
[Board "28"]
[WhiteElo "351"]
[BlackElo "877"]
[PlyCount "81"]
[BlackFideId "24659380"]
[EventCountry "GER"]
[EventRounds "11"]
[EventType "swiss"]
[EventDate "2000.06.03"]

1. e4 e5 2. Nf3 Nc6 3. Bb5 d6 4. O-O Bg4 5. Nc3 Nf6 6. d3 Be7 7. Bg5 O-O 8.
Bxc6 bxc6 9. Qe2 Nd7 10. Bxe7 Qxe7 11. Qe3 Qe6 12. Ng5 Qh6 13. f4 f6 14. Qg3
fxg5 15. Qxg4 Nc5 16. fxg5 Qg6 17. Rxf8+ Rxf8 18. Rf1 Rxf1+ 19. Kxf1 Qf7+ 20.
Kg1 Qf8 21. Qf5 Qd8 22. h4 d5 23. Qxe5 Nd7 24. Qe6+ Kh8 25. exd5 h6 26. gxh6
gxh6 27. dxc6 Nc5 28. Qe5+ Kh7 29. Qxc5 Qxh4 30. Qf5+ Kg7 31. Nd5 Qe1+ 32. Qf1
Qe5 33. Qf3 Qe1+ 34. Kh2 Qh4+ 35. Qh3 Qd4 36. Qd7+ Kg6 37. Ne7+ Kg5 38. Qxd4 a5
39. g3 a4 40. Qf4+ Kh5 41. Qh4# 1-0

[Event "DEM U10/U10w 2000"]
[Site "Überlingen GER"]
[Date "2000.06.05"]
[Round "3"]
[White "Neudert, Maximilian"]
[Black "von Berg, Martin"]
[Result "1/2-1/2"]
[Termination "normal"]
[Board "29"]
[WhiteElo "346"]
[BlackElo "875"]
[PlyCount "141"]
[EventCountry "GER"]
[EventRounds "11"]
[EventType "swiss"]
[EventDate "2000.06.03"]

1. e4 c5 2. Nf3 Nc6 3. d4 cxd4 4. Nxd4 Nf6 5. Nc3 e5 6. Ndb5 d6 7. Be3 a6 8.
Na3 b5 9. Nd5 Nxe4 10. Bb6 Qd7 11. Nc7+ Ke7 12. Nxa8 Qb7 13. Qd5 Nf6 14. Qd3
Qxa8 15. Rd1 Qb8 16. Nxb5 axb5 17. Qxb5 Bd7 18. Be3 Qc7 19. a4 Nd4 20. Qc4 Qxc4
21. Bxc4 Nxc2+ 22. Kd2 Nxe3 23. fxe3 Bxa4 24. Ra1 Bc6 25. Rhg1 d5 26. Be2 Ke6
27. Ra6 Kd7 28. Ra7+ Ke6 29. Ra6 Kd6 30. Bb5 Ne4+ 31. Kc2 Kc5 32. Bxc6 Bd6 33.
Rc1 Bb8 34. b4+ Kd6 35. Kb3 f5 36. Bxd5+ Kxd5 37. Rd1+ Nd2+ 38. Rxd2+ Ke4 39.
b5 Kxe3 40. Rc2 e4 41. Rc3+ Kf4 42. Ra1 g5 43. Rf1+ Ke5 44. Kc2 f4 45. b6 Bd6
46. h3 h6 47. Re1 Bb4 48. Rxe4+ Kxe4 49. Rc4+ Kd5 50. Rxb4 Rc8+ 51. Kd3 Rb8 52.
g3 fxg3 53. Ke3 Kc5 54. Rb2 Rxb6 55. Rxb6 Kxb6 56. Kf3 Kc5 57. Kxg3 h5 58. Kf3
Kd5 59. Ke3 Ke5 60. Kf3 Kf5 61. Kg3 g4 62. Kf2 Kf4 63. Kg2 g3 64. Kf1 Kf3 65.
Kg1 Ke4 66. Kf1 Kf3 67. Kg1 h4 68. Kh1 Ke2 69. Kg1 Ke3 70. Kg2 Ke4 71. Kg1
1/2-1/2

[Event "DEM U10/U10w 2000"]
[Site "Überlingen GER"]
[Date "2000.06.05"]
[Round "3"]
[White "Rath, Oliver"]
[Black "Lips, Franziska"]
[Result "1-0"]
[Termination "normal"]
[Board "30"]
[WhiteElo "332"]
[BlackElo "840"]
[PlyCount "79"]
[WhiteFideId "24610380"]
[EventCountry "GER"]
[EventRounds "11"]
[EventType "swiss"]
[EventDate "2000.06.03"]

1. d4 d5 2. c4 dxc4 3. e3 Nf6 4. Bxc4 Bg4 5. Nf3 e6 6. h3 Bb4+ 7. Nc3 Bh5 8.
Be2 Ne4 9. Bd2 Nxc3 10. Bxc3 Nc6 11. Bb5 O-O 12. Bxc6 bxc6 13. Bxb4 Re8 14. O-O
Rb8 15. Bc3 h6 16. b3 g5 17. Bb2 f5 18. Rc1 e5 19. dxe5 Qxd1 20. Rcxd1 g4 21.
hxg4 fxg4 22. Nh4 g3 23. f3 c5 24. Rc1 Rbd8 25. Rfd1 Rb8 26. Rxc5 Rb7 27. Rd7
Rc8 28. Nf5 Be8 29. Rd4 Kf8 30. Ba3 Kf7 31. Nd6+ Ke7 32. Nxc8+ Kf8 33. Rxc7+
Kg8 34. Rxb7 a6 35. Rg4+ Kh8 36. Rbg7 h5 37. Rg8+ Kh7 38. R4g7+ Kh6 39. Bf8 a5
40. Rh8# 1-0

[Event "DEM U10/U10w 2000"]
[Site "Überlingen GER"]
[Date "2000.06.05"]
[Round "3"]
[White "Terwitte, Jakob"]
[Black "Gorodetski, Boris"]
[Result "1/2-1/2"]
[Termination "normal"]
[Board "31"]
[WhiteElo "831"]
[BlackElo "311"]
[PlyCount "107"]
[EventCountry "GER"]
[EventRounds "11"]
[EventType "swiss"]
[EventDate "2000.06.03"]

1. d4 d5 2. c4 e6 3. Nc3 c6 4. Nf3 f5 5. Bf4 Bd6 6. Bxd6 Qxd6 7. e3 Nd7 8. Rc1
Ngf6 9. Bd3 Ne4 10. Bxe4 fxe4 11. Nd2 O-O 12. O-O e5 13. cxd5 cxd5 14. Qh5 Nf6
15. dxe5 Nxh5 16. exd6 Rd8 17. Nxd5 Rxd6 18. Rxc8+ Rxc8 19. Ne7+ Kf7 20. Nxc8
Rxd2 21. Rb1 a6 22. Kf1 Nf6 23. Ke1 Rd8 24. Nb6 Rd6 25. Nc4 Rd8 26. Rd1 Rxd1+
27. Kxd1 Ke6 28. Ke2 b5 29. Nd2 Kd5 30. f3 exf3+ 31. gxf3 a5 32. Kd3 Nd7 33.
e4+ Ke6 34. Nb3 a4 35. Nd4+ Ke7 36. Nxb5 Ne5+ 37. Ke2 Nc4 38. b3 axb3 39. axb3
Na5 40. Nd4 Kf6 41. f4 h6 42. h4 g5 43. hxg5+ hxg5 44. fxg5+ Kxg5 45. Ke3 Kf6
46. Kf4 Ke7 47. Ke5 Kd7 48. Nf5 Nxb3 49. Kd5 Na5 50. e5 Nb7 51. e6+ Ke8 52.
Nd6+ Nxd6 53. Kxd6 Kd8 54. e7+ 1/2-1/2

[Event "DEM U10/U10w 2000"]
[Site "Überlingen GER"]
[Date "2000.06.05"]
[Round "3"]
[White "Marx, Heiner"]
[Black "Zeuner, Felix"]
[Result "0-1"]
[Termination "normal"]
[Board "32"]
[WhiteElo "202"]
[BlackElo "830"]
[PlyCount "89"]
[EventCountry "GER"]
[EventRounds "11"]
[EventType "swiss"]
[EventDate "2000.06.03"]

1. e4 e6 2. Nf3 d5 3. Nc3 Nf6 4. Bd3 c5 5. Bb5+ Bd7 6. Bxd7+ Qxd7 7. e5 Ng8 8.
d4 f6 9. exf6 Nxf6 10. dxc5 Bxc5 11. O-O Nc6 12. Bf4 O-O-O 13. Ne5 Nxe5 14.
Bxe5 Bd6 15. Bxd6 Qxd6 16. Nb5 Qb6 17. Qe2 a6 18. Nc3 Rde8 19. Na4 Qd4 20. b3
b5 21. c3 Qe4 22. Nb6+ Kb7 23. Qe3 Qxe3 24. fxe3 Kxb6 25. Rad1 Rc8 26. Rd3 e5
27. Rfd1 e4 28. Rd4 Rxc3 29. g4 h6 30. h4 Nxg4 31. Re1 Nxe3 32. Rd2 Ka5 33.
Rde2 Nf5 34. Rf2 Nxh4 35. Kh2 Nf3+ 36. Rxf3 Rxf3 37. Kg2 g5 38. Rd1 Rd8 39. Rh1
Rf6 40. Rb1 e3 41. b4+ Kb6 42. Re1 d4 43. Rd1 d3 44. Re1 d2 45. Rd1 0-1